000 00528nam a22001817a 4500
003 OSt
005 20220107122850.0
008 190620b xxu||||| |||| 00| 0 eng d
040 _cIIITMK
100 _aAiswarya Chandhana S (91617002)
_915884
245 _aClassification using convolutional kernal networks
300 _aMSC MI 2017-2019
502 _bMSC MI
_c2017-2019
_dINT
_eDr. Asharaf S
650 _aCONVOLUTIONAL NEURAL NETWORK
_915885
650 _aKERNAL METHODS
_915886
650 _aPYTORCH
_915887
942 _2ddc
_cPR
999 _c6504
_d6504